000 00587cab a2200229 4500
001 X1868
008 090401t1994 xxu||||| |||| 00| 0 eng d
035 _a(Sirsi) u20050
041 _aeng
100 _aCullen, C.
245 _aWood panelling - its development, decay and conservation
260 _c1994
350 _a0
490 _aBuilding Conservation Newsletter
_v(10) Summer 1994, 9-11(3)
650 _aDISSERTATIONS
650 _aHAROLD SAMUEL PRIZE
650 _aREPAIRS
650 _aWOOD PANELLING
690 _aCONSERVATION
942 _n0
948 _c04/03/1997
999 _c13432
_d13432